Biggest cities in Kosovo - Statistics

General Stats
  • This quiz has been taken 804 times
  • The average score is 8 of 15
Answer Stats
Hint Answer % Correct
550,000 Prishtina
99%
85,119 Prizren
86%
46,230 Mitrovica
81%
48,962 Peja
80%
42,628 Ferizaj
68%
40,827 Gjakova
66%
54,239 Gjilan
66%
23,453 Podujevë
41%
26,964 Vushtrri
33%
15,892 Rahovec
31%
9,372 Skënderaj
30%
7,331 Kamenica
28%
12,919 Fushë Kosovë
27%
10,393 Kaçanik
24%
10,422 Suharekë
23%
No matching quizzes found
Score Distribution
Percent of People with Each Score
Percentile by Number Answered
Your Score History
You have not taken this quiz